00494nam a2200193Ia 4500008004100000020001800041050001400059100001800073245002400091245003000115245006200145260001500207260001600222260000900238300001500247300002000262300001000282500000800292170918s9999 xx 000 0 und d a9780439510988 bL295 2000 aLansky, Bruce aIf pigs could fly : band other deep thoughts / cpoems by Bruce Lansky ; illustrated by Stephen Carpenter. aNew York : bScholastic, c2000 a83 pages : billustrations ; c23cm. a800